Statistiques concernant Ballon d'Or 2019

Cliquez ici pour prendre le quiz!

Statistiques générales

  • Ce quiz a été pris 584 fois
  • Le résultat moyen est 16 sur 30

Statistiques - réponses

ClassementJoueurNation% Correct
1Lionel Messi (FC Barcelone)Argentine
100%
3Cristiano Ronaldo (Juventus Turin)Portugal
94%
5Mohamed Salah (Liverpool)Égypte
93%
6Kylian Mbappé (PSG)France
92%
4Sadio Mané (Liverpool)Sénégal
91%
2Virgil van Dijk (Liverpool)Pays-Bas
89%
8Robert Lewandowski (Bayern Munich)Pologne
85%
10Riyad Mahrez (Manchester City)Algérie
81%
13Eden Hazard (Chelsea / Real Madrid)Belgique
77%
14Kevin de Bruyne (Manchester City)Belgique
74%
22Son Heung-min (Tottenham)Corée du Sud
63%
20Pierre-Emerick Aubameyang (Arsenal)Gabon
62%
9Bernardo Silva (Manchester City)Portugal
59%
11Frenkie de Jong (Ajax Amsterdam / FC Barcelone)Pays-Bas
59%
18Antoine Griezmann (Atlético de Madrid / FC Barcelone)France
55%
12Raheem Sterling (Manchester City)Angleterre
55%
7Alisson (Liverpool)Brésil
53%
15Matthijs de Ligt (Ajax Amsterdam / Juventus Turin)Pays-Bas
52%
16Sergio Agüero (Manchester City)Argentine
42%
23Hugo Lloris (Tottenham)France
36%
26Karim Benzema (Real Madrid)France
34%
24Kalidou Koulibaly (Naples)Sénégal
33%
-Dusan Tadic (Ajax Amsterdam)Serbie
26%
17Roberto Firmino (Liverpool)Brésil
25%
-Donny van de Beek (Ajax Amsterdam)Pays-Bas
13%
-Marc-André ter Stegen (FC Barcelone)Allemand
13%
28Joao Félix (Benfica / Atlético de Madrid)Portugal
12%
19Trent Alexander-Arnold (Liverpool)Angleterre
12%
-Georginio Wijnaldum (Liverpool)Pays-Bas
11%
-Marquinhos (PSG)Brésil
11%

Distribution des résultats

Percentile par nombre de réponses

% des personnes avec chaque résultat

Votre développement - résultats

Vous n’avez pas pris ce quiz